Verejné poslanie univerzít v období vedomostnej spoločnosti
Článok popisuje zmeny v úlohe univerzít v kontexte znalostnej ekonomiky, v ktorej sú vedomosti pre sociálnu integráciu a hospodársky rast zásadné. V kontraste medzi akademickou autonómiou a politickými mechanizmami riadenia skúma, ako sa menia akademické hodnoty, pracovné podmienky a profesijná iden...
Gespeichert in:
| 1. Verfasser: | |
|---|---|
| Format: | Buchkapitel |
| Sprache: | Slowakisch |
| Schlagworte: | |
| Tags: |
Keine Tags, Fügen Sie das erste Tag hinzu!
|
MARC
| LEADER | 00000naa a2200000 4500 | ||
|---|---|---|---|
| 001 | 0312913 | ||
| 005 | 20251023094821.8 | ||
| 041 | 0 | |a slo | |
| 044 | |a SK | ||
| 245 | 1 | 0 | |a Verejné poslanie univerzít v období vedomostnej spoločnosti |c Anna Pelošjan |
| 520 | |a Článok popisuje zmeny v úlohe univerzít v kontexte znalostnej ekonomiky, v ktorej sú vedomosti pre sociálnu integráciu a hospodársky rast zásadné. V kontraste medzi akademickou autonómiou a politickými mechanizmami riadenia skúma, ako sa menia akademické hodnoty, pracovné podmienky a profesijná identita. Prostredníctvom rámca intelektuálneho kapitálu odhaľuje spôsoby, akými univerzity prepájajú výskum, vzdelávanie a spoluprácu so spoločnosťou tak, aby podporili regionálny a ekonomický rozvoj. | ||
| 610 | 2 | 0 | |a vzdelávanie |
| 610 | 2 | 0 | |a výskum |
| 610 | 2 | 0 | |a pedagógovia |
| 610 | 2 | 0 | |a univerzity |
| 610 | 2 | 0 | |a spoločnosť vedomostná |
| 610 | 2 | 0 | |a ekonomika znalostná |
| 100 | 1 | |a Pelošjan, Anna | |